| 000 | 00580nmm a2200193Ia 4500 | ||
|---|---|---|---|
| 008 | 251105s9999||||xx |||||||||||||||||und|| | ||
| 020 | _a9781980447665 | ||
| 041 | _aspa | ||
| 100 | _aSierra i Fabra, Jordi | ||
| 245 | 0 | _aLos mayores están locos, locos, locos | |
| 264 |
_a[Madrid, España] : _bEditorial SiF, _c2018 |
||
| 300 | _a152 páginas | ||
| 490 | _aLos libros de Víctor y Cía | ||
| 650 | _aSpanish narrative | ||
| 700 | _aSierra i Fabra, Jordi | ||
| 700 | 1 | _a Delicado, Federico (il.) | |
| 856 | _uhttps://public.digitaliapublishing.com/a/98481 | ||
| 942 | _cCF | ||
| 999 |
_c71416 _d71416 |
||